[Event "European Hybrid Qual 2021"]
[Site "Tornelo INT"]
[Date "2021.05.29"]
[Round "3.3"]
[White "Yilmaz, Mustafa"]
[Black "Hovhannisyan, Robert"]
[Result "1-0"]
[WhiteTitle "GM"]
[BlackTitle "GM"]
[WhiteElo "2630"]
[BlackElo "2632"]
[WhiteFideId "6302718"]
[BlackFideId "13302507"]
[EventDate "2021.05.24"]
[EventType "k.o."]

1. d4 Nf6 2. c4 e6 3. Nc3 Bb4 4. Qc2 d5 5. a3 Bxc3+ 6. Qxc3 O-O 7. Bg5 h6 8.
Bxf6 Qxf6 9. Nf3 dxc4 10. Qxc4 Nc6 11. Qc3 Re8 12. Rd1 e5 13. d5 Nb8 14. e3 c6
15. Be2 Bg4 16. h3 Bh5 17. O-O cxd5 18. Rxd5 Nc6 19. b4 Rac8 20. Qb2 a6 21. Rfd1
Rcd8 22. Rxd8 Rxd8 23. Rxd8+ Qxd8 24. g4 e4 25. Nd4 Nxd4 26. Qxd4 Qxd4 27. exd4
Bg6 28. Bc4 Kf8 29. a4 Ke7 30. Bd5 b6 31. a5 bxa5 32. bxa5 Kd6 33. Bb7 f5 34.
gxf5 Bxf5 35. h4 g5 36. hxg5 hxg5 37. Bxa6 Kc6 38. Bc4 Bg4 39. Kf1 Bc8 40. Ke2
Bg4+ 41. Kd2 Bc8 42. Kc3 Bh3 43. Kb4 Bc8 44. d5+ Kd6 45. Kb5 g4 46. Kb6 g3 47.
fxg3 e3 48. a6 Bxa6 49. Kxa6 Kc5 50. Be2 Kxd5 51. Kb5 Kd4 52. Kb4 Kd5 53. Kc3 1-0

[Event "European Hybrid Qual 2021"]
[Site "Tornelo INT"]
[Date "2021.05.29"]
[Round "3.4"]
[White "Hovhannisyan, Robert"]
[Black "Yilmaz, Mustafa"]
[Result "1/2-1/2"]
[WhiteTitle "GM"]
[BlackTitle "GM"]
[WhiteElo "2632"]
[BlackElo "2630"]
[WhiteFideId "13302507"]
[BlackFideId "6302718"]
[EventDate "2021.05.24"]
[EventType "k.o."]

1. e4 c5 2. Nf3 d6 3. d4 cxd4 4. Qxd4 Nc6 5. Bb5 Bd7 6. Bxc6 Bxc6 7. Nc3 Nf6 8.
Bg5 e6 9. O-O-O Be7 10. Rhe1 O-O 11. e5 dxe5 12. Nxe5 Qxd4 13. Rxd4 Rfc8 14.
Nxc6 Rxc6 15. Ne4 e5 16. Rd3 Nxe4 17. Bxe7 Nxf2 18. Rd2 Re8 19. Rxe5 Ng4 20.
Ree2 f6 21. Bb4 Rxe2 22. Rxe2 Ne5 23. Bc3 Re6 24. Bxe5 fxe5 25. Kd2 Kf7 26. c4
Rd6+ 27. Kc3 Ke6 28. Rd2 Rc6 29. a4 Rc8 30. b4 b6 31. b5 Rf8 32. a5 Rf1 33. Ra2
Rc1+ 34. Kd3 Kd6 35. axb6 axb6 36. Ra8 Rd1+ 37. Kc3 Rc1+ 38. Kd3 Kc5 39. Rc8+
Kb4 40. Rc6 Rc3+ 41. Ke4 Rxc4+ 42. Kd5 Rg4 43. Rxb6 Rxg2 44. Rb8 Rxh2 45. Kc6
Rh6+ 46. Kc7 Kc5 47. Re8 Kxb5 48. Rxe5+ Kc4 1/2-1/2

[Event "European Hybrid Qual 2021"]
[Site "Tornelo INT"]
[Date "2021.05.28"]
[Round "3.1"]
[White "Banusz, Tamas"]
[Black "Can, Emre"]
[Result "1/2-1/2"]
[WhiteTitle "GM"]
[BlackTitle "GM"]
[WhiteElo "2631"]
[BlackElo "2569"]
[WhiteFideId "722413"]
[BlackFideId "6302181"]
[EventDate "2021.05.24"]
[EventType "k.o."]

1. Nf3 d5 2. g3 g6 3. Bg2 Bg7 4. d4 Nf6 5. c4 c6 6. O-O O-O 7. a4 Bf5 8. Nc3 Na6
9. a5 dxc4 10. Qa4 Qd6 11. Qxc4 Qb4 12. Qa2 c5 13. Be3 Rad8 14. dxc5 Be6 15. Qa3
Qxa3 16. Rxa3 Nd5 17. Bd4 Bxd4 18. Nxd4 Nxc3 19. bxc3 Nxc5 20. Nxe6 fxe6 21. Ra2
Rd6 22. Bf3 Rfd8 23. Rb2 b6 24. axb6 axb6 25. Rb4 Rc8 26. Ra1 Nd7 27. Ra3 Nf6
28. h4 Nd5 29. Rbb3 Rdc6 30. Bxd5 exd5 31. Kf1 Kf7 32. Ke1 Rc4 33. Kd2 d4 34.
Rxb6 dxc3+ 35. Kc2 Re4 36. e3 Re6 37. Rb4 Rf6 38. Rf4 Rxf4 39. exf4 h5 40. Rxc3
Rd8 41. Rd3 Ra8 42. Kd2 Ra5 43. Re3 Kf6 44. Ke2 Ra2+ 45. Kf3 Ra5 46. Kg2 e6 47.
Re2 Rb5 48. f3 Rb4 49. Kf2 Ra4 50. Rd2 Kf5 51. Rd8 Kf6 52. Ke3 Ra3+ 53. Rd3 Ra6
54. Ke4 Ra4+ 55. Rd4 Ra1 56. Ke3 Ra3+ 57. Rd3 Ra6 58. Rb3 e5 59. fxe5+ Kxe5 60.
Rb5+ Kf6 61. Rd5 Re6+ 62. Kf4 Ra6 63. Rd4 Rb6 64. g4 hxg4 65. fxg4 g5+ 66. hxg5+
Kg6 67. Re4 Ra6 68. Re5 Ra4+ 69. Kg3 Ra1 70. Kh4 1/2-1/2

[Event "European Hybrid Qual 2021"]
[Site "Tornelo INT"]
[Date "2021.05.29"]
[Round "3.2"]
[White "Can, Emre"]
[Black "Banusz, Tamas"]
[Result "1/2-1/2"]
[WhiteTitle "GM"]
[BlackTitle "GM"]
[WhiteElo "2569"]
[BlackElo "2631"]
[WhiteFideId "6302181"]
[BlackFideId "722413"]
[EventDate "2021.05.24"]
[EventType "k.o."]

1. d4 d5 2. c4 e6 3. Nf3 Nf6 4. Nc3 a6 5. cxd5 exd5 6. Bg5 Be6 7. Qb3 Nbd7 8. g3
Rb8 9. Bg2 Bd6 10. O-O c6 11. Qc2 O-O 12. Rad1 Re8 13. Bc1 Nf8 14. Ng5 1/2-1/2